000 00573nam a22001817a 4500
003 OSt
005 20110517125447.0
008 110515t xxu||||| |||| 00| 0 eng d
020 _a0406074798
040 _aLDC
082 _a031
245 _aAtkin's encyclopaedia of court forms in civil proceedings : Partnership & Firms - Insolvency. Vol.30 (1) /
250 _a2nd.
260 _aLondon:
_bButterworth
_c1995.
300 _av;
942 _2ddc
_cREF
999 _c2043
_d2043